LEADER 01385nas 2200421-a 450 001 9910139883503321 005 20240413014635.0 011 $a2202-9729 035 $a(CKB)1000000000809350 035 $a(CONSER)--2009243053 035 $a(EXLCZ)991000000000809350 100 $a19950710a20089999 --- - 101 0 $aeng 181 $ctxt$2rdacontent 182 $cc$2rdamedia 183 $acr$2rdacarrier 200 00$aWound practice & research 210 $aWest Leederville, W.A. $cCambridge Pub.$d2008- 215 $a1 online resource 300 $aRefereed/Peer-reviewed 311 08$aPrint version: Wound practice & research. 1837-6304 (DLC) 2009243053 (OCoLC)224092867 517 1 $aWound practice and research 531 $aWOUND PRACTICE & RESEARCH 606 $aWounds and injuries$xTreatment$vPeriodicals 606 $aWounds and Injuries$xtherapy 606 $aWounds and injuries$xTreatment$2fast$3(OCoLC)fst01181511 608 $aPeriodical. 608 $aPeriodicals.$2fast 615 0$aWounds and injuries$xTreatment 615 12$aWounds and Injuries$xtherapy. 615 7$aWounds and injuries$xTreatment. 676 $a617.1406 712 02$aAustralian Wound Management Association. 906 $aJOURNAL 912 $a9910139883503321 920 $aexl_impl conversion 996 $aWound practice & research$92267503 997 $aUNINA